Pink Floyd - The Wall - Statistics

General Stats
  • This quiz has been taken 515 times
  • The average score is 16 of 26
Answer Stats
The Wall % Correct
In The Flesh?
97%
Another Brick In The Wall Part 1
85%
The Thin Ice
85%
Another Brick In The Wall Part 2
80%
Mother
80%
The Happiest Days Of Our Lives
73%
Goodbye Blue Sky
71%
Young Lust
66%
Empty Spaces
62%
Hey You
62%
Another Brick In The Wall Part 3
59%
One Of My Turns
59%
Goodbye Cruel World
55%
Comfortably Numb
54%
Don't Leave Me Now
54%
The Trial
54%
Vera
51%
Outside The Wall
50%
Bring The Boys Back Home
49%
Is There Anybody Out There?
49%
Stop
46%
Nobody Home
45%
Run Like Hell
45%
Waiting For The Worms
45%
In The Flesh
43%
The Show Must Go On
40%
No matching quizzes found
Score Distribution
Percent of People with Each Score
Percentile by Number Answered
Your Score History
You have not taken this quiz